TV Theme Quiz Stats

Quiz not verified by Sporcle

Challenge
Share
Tweet
Score 0/39 Timer 08:00
0 Plays Today
Time Interval TV Show % Correct
0:20 - 0:23Game of Thrones
81.8%
1:20 - 1:23The Twilight Zone
68.4%
2:15 - 2:18American Dad
62.6%
0:35 - 0:38Jeopardy
61%
0:15 - 0:18Frasier
59.4%
0:30 - 0:33Arrested Development
57.8%
2:20 - 2:23Breaking Bad
56.1%
3:05 - 3:08Married... With Children
54%
1:10 - 1:13I Love Lucy
50.3%
1:50 - 1:53Phineas and Ferb
49.7%
0:55 - 0:58Everybody Loves Raymond
47.6%
3:00 - 3:03Orange Is The New Black
44.9%
2:45 - 2:48Mad Men
43.3%
2:05 - 2:08Sherlock
42.2%
0:00 - 0:03Psych
40.1%
2:40 - 2:43Grey's Anatomy
36.4%
0:40 - 0:4330 Rock
35.8%
2:25 - 2:28Family Feud
35.8%
0:45 - 0:48Criminal Minds
32.1%
1:00 - 1:03Angel
26.2%
Time Interval TV Show % Correct
2:55 - 2:58Gossip Girl
23%
0:10 - 0:13Suits
22.5%
1:55 - 1:58Once Upon A Time
19.8%
0:05 - 0:08Archer
18.2%
2:00 - 2:03The West Wing
17.6%
3:10 - 3:13Better Call Saul
17.6%
1:30 - 1:33Boy Meets World
17.1%
1:45 - 1:48Six Feet Under
16.6%
0:25 - 0:28White Collar
14.4%
2:35 - 2:38Person of Interest
9.6%
2:10 - 2:13Royal Pains
9.1%
2:50 - 2:53Big Love
8.6%
1:25 - 1:28The Kids in the Hall
7.5%
1:05 - 1:08Leverage
5.9%
2:30 - 2:33Lost Girl
3.2%
0:50 - 0:53Graceland
2.7%
1:35 - 1:38Chicago Fire
2.7%
1:15 - 1:18Battle Creek
2.1%
1:40 - 1:43Backstrom
1.1%

You're not logged in!

Compare scores with friends on all Sporcle quizzes.
Sign Up with Email
OR
Log In

You Might Also Like...

Show Comments

Extras

Top Quizzes Today


Score Distribution

Your Account Isn't Verified!

In order to create a playlist on Sporcle, you need to verify the email address you used during registration. Go to your Sporcle Settings to finish the process.